Hitler's Germany : The Nazy Background to War

Spremljeno u:
Bibliografski detalji
Glavni autor: Loewenstein, Karl
Format: Knjiga
Jezik:Undetermined
Izdano: New York The Macmillan Company 1944
Teme:
Oznake: Dodaj oznaku
Bez oznaka, Budi prvi tko označuje ovaj zapis!
Thư viện lưu trữ: Trung tâm Học liệu Trường Đại học Cần Thơ
LEADER 00596nam a2200217Ia 4500
001 CTU_80958
008 210402s9999 xx 000 0 und d
082 |a 943.085 
082 |b L827 
100 |a Loewenstein, Karl 
245 0 |a Hitler's Germany : 
245 4 |b The Nazy Background to War 
245 0 |c Karl Loewenstein 
260 |a New York 
260 |b The Macmillan Company 
260 |c 1944 
650 |a National socialism,Germany 
650 |x Politics and government 
904 |i Trọng Hải 
910 |i Nguyên 
980 |a Trung tâm Học liệu Trường Đại học Cần Thơ